Boy Groups Quiz 1 - Statistics

General Stats
  • This quiz has been taken 14 times
  • The average score is 4 of 12
Answer Stats
Hint Answer % Correct
Larger Than Life Backstreet Boys
83%
It's Gonna Be Me NSYNC
83%
4 Seasons of Loneliness Boyz II Men
50%
World of Our Own Westlife
42%
All Rise Blue
33%
Picture of You Boyzone
33%
I Can Love You Like That All-4-One
25%
I Do, Cherish You 98°
17%
Liquid Dreams O-Town
17%
Same Old Brand New You A1
8%
Until the Time Is Through Five
0%
Last Flight Out Plus One
0%
No matching quizzes found
Score Distribution
Percent of People with Each Score
Percentile by Number Answered
Your Score History
You have not taken this quiz